La relación entre actitudes lingüísticas, conducta e identidad /
Resumen: Comenta la contribución de la psicología social y la sociolingüística al entendimiento de las actitudes del lenguaje en general y las actitudes hacia el inglés en particular, así como la evaluación de otros códigos del inglés vis-á-vis, de variaciones sociales y étnicas del inglés y de un h...
Shranjeno v:
| Glavni avtor: | |
|---|---|
| Format: | Neznan |
| Jezik: | Spanish |
| Teme: | |
| Oznake: |
Označite
Brez oznak, prvi označite!
|
MARC
| LEADER | 000000000a22000000004500 | ||
|---|---|---|---|
| 001 | 009036 | ||
| 041 | 0 | |a spa | |
| 100 | 1 | |a Umaña Aguilar, Jeanina | |
| 245 | 1 | 3 | |a La relación entre actitudes lingüísticas, conducta e identidad / |c Jeanina Umaña Aguilar. |
| 310 | |a semestral | ||
| 520 | |a Resumen: Comenta la contribución de la psicología social y la sociolingüística al entendimiento de las actitudes del lenguaje en general y las actitudes hacia el inglés en particular, así como la evaluación de otros códigos del inglés vis-á-vis, de variaciones sociales y étnicas del inglés y de un habla inglesa. Enfatiza en la relación entre la acomodación lingüística e identidad y su relevancia en el aprendizaje de una lengua extranjera. | ||
| 650 | 4 | |a SOCIOLINGUISTICA | |
| 773 | 0 | |x 0377-628X |d San José, Costa Rica : Editorial Universidad de Costa Rica |t Revista de Filología y Lingüística de la Universidad de Costa Rica |g volumen XV, número 2 (1989), páginas 121-129 | |
| 942 | |c ARC | ||
| 999 | |c 14971 |d 14971 | ||
